Does Generous Welfare Attract Immigrants? Towards Evidence-Based Policy-Making

Za posledných 20 rokov sa v Európskej únii podstatne zvýšilo prisťahovalectvo aj výdavky. Európsky diskurz o migračnej politike sa rozprúdil s východným rozšírením Únie v rokoch 2004 a 2007. Vzhľadom na výrazné rozdiely v príjmoch a iné rozdiely medzi existujúcimi členskými štátmi EÚ (EÚ15) a novými...

Descrizione completa

Salvato in:
Dettagli Bibliografici
Autore principale: Giulietti, Corrado
Altri autori: Kahanec, Martin, 1977-
Natura: Capitolo di libro
Lingua:inglese
Soggetti:
Tags: Aggiungi Tag
Nessun Tag, puoi essere il primo ad aggiungerne!!

MARC

LEADER 00000naa a2200000 4500
001 0307216
005 20250224102509.0
041 0 |a eng 
044 |a BE 
245 1 0 |a Does Generous Welfare Attract Immigrants? Towards Evidence-Based Policy-Making  |c Corrado Giulietti, Martin Kahanec 
520 |a Za posledných 20 rokov sa v Európskej únii podstatne zvýšilo prisťahovalectvo aj výdavky. Európsky diskurz o migračnej politike sa rozprúdil s východným rozšírením Únie v rokoch 2004 a 2007. Vzhľadom na výrazné rozdiely v príjmoch a iné rozdiely medzi existujúcimi členskými štátmi EÚ (EÚ15) a novými účastníkmi (EÚ8+2 a EÚ2)1 sa v prijímajúcich krajinách objavili obavy z negatívnych vplyvov na trh práce a systémy sociálneho zabezpečenia. 
610 2 0 |a migrácia 
610 2 0 |a Európska únia 
610 2 0 |a výdavky 
610 2 0 |a príjmy 
610 2 0 |a rozdiely kultúrne 
100 1 |a Giulietti, Corrado 
700 1 |a Kahanec, Martin, 1977-